Qui es-tu, mon fils ? : La vie prophétique de Jacob et Rachel, Gn 25-35 (notice n° 1662426)

détails MARC
000 -LEADER
fixed length control field 01473cam a2200133 4500500
005 - DATE AND TIME OF LATEST TRANSACTION
control field 20260222000035.0
041 ## - LANGUAGE CODE
Language code of text/sound track or separate title fre
042 ## - AUTHENTICATION CODE
Authentication code dc
100 10 - MAIN ENTRY--PERSONAL NAME
Personal name Crignon, Albert-Marie
Relator term author
245 00 - TITLE STATEMENT
Title Qui es-tu, mon fils ? : La vie prophétique de Jacob et Rachel, Gn 25-35
260 ## - PUBLICATION, DISTRIBUTION, ETC.
Name of publisher, distributor, etc. Éditions du Cerf,<br/>
Date of publication, distribution, etc. 2019.<br/>
520 ## - SUMMARY, ETC.
Summary, etc. Dans cette étude biblique tourbillonnante d’érudition, le frère Albert-Marie Crignon aborde un thème d’une extraordinaire contemporanéité : la filiation. « Qui es-tu, mon fils ? », c’est en effet la troublante question que pose Isaac à Jacob, en le prenant pour Ésaü. Ainsi, à travers cette véritable enquête d’un passage fameux de la Genèse (l’histoire de Jacob et de sa famille), c’est tous les rapports de père à fils dans la Bible qui sont décryptés. Sans jamais s’éloigner du sens littéral, l’auteur, en bon exégète, donne vie à ces si beaux récits de l’Ancien Testament, qui sont lus comme des prophéties annonçant l’avènement d’un Fils en qui tous sont sauvés, le Christ. Derrière une histoire de famille peu catholique — Jacob épouse Rachel et sa soeur, et il est également le père des enfants de leurs servantes —, c’est notre condition de fils et de fille, et notre rapport au Père des Cieux, que nous sommes invités à interroger. Et à réinvestir.
856 41 - ELECTRONIC LOCATION AND ACCESS
Uniform Resource Identifier <a href="https://shs.cairn.info/qui-es-tu-mon-fils--9782204133272?lang=fr&redirect-ssocas=7080">https://shs.cairn.info/qui-es-tu-mon-fils--9782204133272?lang=fr&redirect-ssocas=7080</a>

Pas d'exemplaire disponible.

PLUDOC

PLUDOC est la plateforme unique et centralisée de gestion des bibliothèques physiques et numériques de Guinée administré par le CEDUST. Elle est la plus grande base de données de ressources documentaires pour les Étudiants, Enseignants chercheurs et Chercheurs de Guinée.

Adresse

627 919 101/664 919 101

25 boulevard du commerce
Kaloum, Conakry, Guinée

Réseaux sociaux

Powered by Netsen Group @ 2025